| 000 | 012030000a22003130004500 | ||
|---|---|---|---|
| 001 | 20489 | ||
| 003 | CO-MdFUSB | ||
| 005 | 20180622074841.0 | ||
| 008 | 160830t1985 xxu||||f |||| 00| 0 eng d | ||
| 020 | _a0-8006-2772-5 | ||
| 040 |
_aCO-MdFUSB _bEspañol _cCO-MdFUSB _dCO-MdFUSB |
||
| 041 | _aeng | ||
| 082 |
_224 _a230.0411 _bC537o |
||
| 100 | 1 |
_aChilds, Brevard S. _dautor |
|
| 245 | 0 | 0 |
_aOld Testament theology in a canonical context _c / Brevard S. Childs |
| 264 |
_aPhiladelphia, Pennsylvania : _bFortress Press, _c1985 |
||
| 300 | _axvi, 255 páginas | ||
| 336 |
_2rdacontent _a1 _ba1 |
||
| 337 |
_2rdamedia _a2 _b5 |
||
| 338 |
_2rdacarrier _a2 _b5 |
||
| 500 | _aIncluye índices | ||
| 501 | _aRústico | ||
| 505 | 0 | 0 | _aILa ley de Dios -- Conocer y hacer la voluntad de Dios -- El papel de los rituales y la pureza -- Moisés, Jueces, Reyes -- Los verdaderos y falsos profetas -- El papel del sacerdocio - Beneficios del pacto -- Hombres y mujeres como un problema teológico - Vida de obediencia -- La vida bajo la promesa |
| 653 | _aBible. O.T. -- exegesis | ||
| 653 | _aBiblia. A.T.-- exégesis | ||
| 653 | _aBiblia A.T. -- Teología | ||
| 942 | _cBK | ||
| 999 |
_c46840 _d46840 |
||